[Event "GRE-ch U12"]
[Site "Porto Rio"]
[Date "2016.07.02"]
[Round "7"]
[White "Darviris, Dimitrios"]
[Black "Digenis, Marios"]
[Result "1-0"]
[WhiteElo "1266"]
[BlackElo "1088"]
[PlyCount "49"]
[EventDate "2016.06.28"]
[EventType "swiss"]
[EventRounds "9"]
[EventCountry "GRE"]
[SourceTitle "CBM 173 Extra"]
[Source "ChessBase"]
[SourceDate "2016.08.29"]
[SourceVersion "1"]
[SourceVersionDate "2016.08.29"]
[SourceQuality "1"]

1. e4 c5 2. Nc3 a6 3. f4 b5 4. Nf3 Bb7 5. d3 e6 6. Be2 d5 7. 0-0 b4 8. Nb1 dxe4 9. Ng5 exd3 10. Bxd3 Nc6 11. Qe1 Nd4 12. f5 Nh6 13. fxe6 Nxe6 14. Nxe6 fxe6 15. Qxe6+ Qe7 16. Qxe7+ Bxe7 17. Bxh6 gxh6 18. Nd2 Rg8 19. g3 c4 20. Be4 Rd8 21. Rad1 Bc5+ 22. Kg2 Rxd2+ 23. Rxd2 Bxe4+ 24. Kh3 Rf8 25. Re1 1-0

[Event "GRE-ch U12"]
[Site "Porto Rio"]
[Date "2016.07.01"]
[Round "5"]
[White "Darviris, Dimitrios"]
[Black "Mallios, Ioannis"]
[Result "0-1"]
[WhiteElo "1266"]
[BlackElo "1544"]
[PlyCount "116"]
[EventDate "2016.06.28"]
[EventType "swiss"]
[EventRounds "9"]
[EventCountry "GRE"]
[SourceTitle "CBM 173 Extra"]
[Source "ChessBase"]
[SourceDate "2016.08.29"]
[SourceVersion "1"]
[SourceVersionDate "2016.08.29"]
[SourceQuality "1"]

1. e4 c5 2. Nc3 Nc6 3. f4 e6 4. Nf3 d5 5. Bb5 Nf6 6. Bxc6+ bxc6 7. 0-0 Be7 8. d3 0-0 9. Qe1 Ba6 10. f5 dxe4 11. Nxe4 exf5 12. Ng3 c4 13. Nxf5 Bd6 14. Qh4 Re8 15. Qg5 g6 16. Nh6+ Kg7 17. Nh4 Re5 18. Qg3 Kf8 19. Qf3 Re6 20. Bg5 Be7 21. Ng4 Qd4+ 22. Ne3 cxd3 23. cxd3 Bxd3 24. Rad1 Qe4 25. Qxe4 Bxe4 26. Bxf6 Bxf6 27. Rd7 Re7 28. Rxe7 Kxe7 29. Nf3 Bxf3 30. Rxf3 Bxb2 31. Nc4 Bd4+ 32. Kf1 Rb8 33. Ke2 f5 34. Kd3 Rd8 35. Kc2 c5 36. Rh3 h5 37. Rg3 Kf6 38. Rd3 g5 39. Na5 Rc8 40. Kb3 Ke5 41. Kc4 a6 42. Nb3 f4 43. Nd2 g4 44. Nf1 Rb8 45. Rb3 Rxb3 46. axb3 Ke4 47. h3 gxh3 48. gxh3 h4 49. Nh2 f3 50. Nf1 f2 51. b4 cxb4 52. Kxb4 Kf3 53. Kc4 Kg2 54. Nd2 f1Q+ 55. Nxf1 Kxf1 56. Kxd4 Kg2 57. Kc4 Kxh3 58. Kb4 Kg2 0-1

[Event "GRE-ch U12"]
[Site "Porto Rio"]
[Date "2016.06.29"]
[Round "2"]
[White "Papanikolaou, Petros"]
[Black "Darviris, Dimitrios"]
[Result "0-1"]
[WhiteElo "1085"]
[BlackElo "1266"]
[PlyCount "84"]
[EventDate "2016.06.28"]
[EventType "swiss"]
[EventRounds "9"]
[EventCountry "GRE"]
[SourceTitle "CBM 173 Extra"]
[Source "ChessBase"]
[SourceDate "2016.08.29"]
[SourceVersion "1"]
[SourceVersionDate "2016.08.29"]
[SourceQuality "1"]

1. e4 c5 2. Nf3 Nc6 3. d4 cxd4 4. Nxd4 g6 5. Nxc6 bxc6 6. Bc4 Bg7 7. Qf3 e6 8. Nc3 Ne7 9. Bg5 0-0 10. Bxe7 Qxe7 11. 0-0 Bb7 12. Rfe1 Rad8 13. Rad1 Qb4 14. Bb3 d5 15. Qd3 Rd7 16. Rd2 Rfd8 17. a3 Qb6 18. Na4 Qa5 19. c3 d4 20. c4 c5 21. Bc2 Bc6 22. b3 Bxa4 23. bxa4 Rb7 24. Bb3 Rdb8 25. Rb1 Qc3 26. h3 Rxb3 27. Rxb3 Rxb3 28. Qe2 d3 29. Qe3 Bd4 30. Qg5 f6 31. Qh6 Qc1+ 32. Kh2 Rb2 33. Rxb2 Qxh6 34. Rb8+ Qf8 35. Rxf8+ Kxf8 36. Kg1 d2 37. e5 Bxe5 38. g3 d1Q+ 39. Kg2 Qe2 40. Kg1 Bd4 41. h4 Qxf2+ 42. Kh1 Qg1# 0-1

[Event "Petroupoli ASOP Dias Seniors op"]
[Site "Petroupoli"]
[Date "2014.04.12"]
[Round "4.9"]
[White "Darviris, Dimitrios"]
[Black "Bardis, Harilaos Panagiotis"]
[Result "1-0"]
[WhiteElo "1167"]
[BlackElo "1366"]
[PlyCount "98"]
[EventDate "2014.03.22"]
[EventType "swiss"]
[EventRounds "7"]
[EventCountry "GRE"]
[SourceTitle "EXT 2024"]
[Source "ChessBase"]
[SourceDate "2023.10.10"]
[SourceVersion "1"]
[SourceVersionDate "2023.10.10"]
[SourceQuality "1"]

1. e4 e5 2. Nf3 Nc6 3. Bc4 Bc5 4. c3 Nf6 5. d4 exd4 6. cxd4 Bb4+ 7. Nc3 Nxe4 8. 0-0 Bxc3 9. d5 Bf6 10. Re1 Ne7 11. Rxe4 d6 12. Bg5 Bxg5 13. Nxg5 h6 14. Bb5+ Kf8 15. Qe2 hxg5 16. Re1 Be6 17. dxe6 f6 18. Bd7 c6 19. Qf3 Qc7 20. Rg4 Qa5 21. Rd1 Qe5 22. h3 d5 23. b3 Qf5 24. Qxf5 Nxf5 25. Re1 Ke7 26. f4 Rh4 27. fxg5 fxg5 28. Rxg5 Kf6 29. Rxf5+ Kxf5 30. e7+ Kf6 31. e8Q Rxe8 32. Bxe8 Re4 33. Rxe4 dxe4 34. Kf2 Ke5 35. Ke3 c5 36. Bg6 b5 37. Bxe4 c4 38. Bc2 a5 39. g3 Kd5 40. h4 Kc5 41. Kd2 Kb4 42. Bb1 a4 43. g4 c3+ 44. Kc2 Ka3 45. g5 g6 46. h5 gxh5 47. g6 h4 48. g7 h3 49. g8Q h2 1-0

[Event "Petroupoli ASOP Dias Seniors op"]
[Site "Petroupoli"]
[Date "2014.03.29"]
[Round "2.9"]
[White "Darviris, Dimitrios"]
[Black "Papadopoulos, Petros"]
[Result "0-1"]
[WhiteElo "1167"]
[BlackElo "1380"]
[PlyCount "42"]
[EventDate "2014.03.22"]
[EventType "swiss"]
[EventRounds "7"]
[EventCountry "GRE"]
[SourceTitle "EXT 2024"]
[Source "ChessBase"]
[SourceDate "2023.10.10"]
[SourceVersion "1"]
[SourceVersionDate "2023.10.10"]
[SourceQuality "1"]

1. e4 d5 2. exd5 Nf6 3. d4 Bg4 4. f3 Bf5 5. Bd3 Qxd5 6. Nc3 Qd7 7. Nge2 Bxd3 8. Qxd3 Nc6 9. 0-0 0-0-0 10. Be3 Nb4 11. Qd2 e5 12. a3 exd4 13. axb4 dxe3 14. Qxe3 a6 15. b5 b6 16. Rxa6 Bc5 17. Qxc5 bxc5 18. Rfa1 Qd2 19. b6 cxb6 20. Rxb6 Kc7 21. Raa6 Qe1# 0-1

[Event "Petroupoli-ch"]
[Site "Petropouli"]
[Date "2014.03.08"]
[Round "7"]
[White "Vesdekis, Konstantinos"]
[Black "Darviris, Dimitrios"]
[Result "0-1"]
[WhiteElo "1005"]
[BlackElo "1160"]
[PlyCount "34"]
[EventDate "2014.01.25"]
[EventType "swiss"]
[EventRounds "7"]
[EventCountry "GRE"]
[SourceTitle "EXT 2015"]
[Source "ChessBase"]
[SourceDate "2014.11.20"]
[SourceVersion "1"]
[SourceVersionDate "2014.11.20"]
[SourceQuality "1"]

1. e4 d5 2. exd5 Nf6 3. d4 Bg4 4. Be2 Bxe2 5. Qxe2 Qxd5 6. Nf3 Nc6 7. Be3 0-0-0 8. 0-0 e6 9. Nc3 Qh5 10. h3 Bd6 11. Bg5 h6 12. Bxf6 gxf6 13. Rad1 Rhg8 14. Rfe1 Qxh3 15. g3 Bxg3 16. Qf1 Bf4+ 17. Qg2 Qxg2# 0-1

[Event "Petroupoli-ch"]
[Site "Petropouli"]
[Date "2014.02.08"]
[Round "3"]
[White "Mihalopoulos, Nikolaos"]
[Black "Darviris, Dimitrios"]
[Result "0-1"]
[WhiteElo "1398"]
[BlackElo "1160"]
[PlyCount "35"]
[EventDate "2014.01.25"]
[EventType "swiss"]
[EventRounds "7"]
[EventCountry "GRE"]
[SourceTitle "EXT 2015"]
[Source "ChessBase"]
[SourceDate "2014.11.20"]
[SourceVersion "1"]
[SourceVersionDate "2014.11.20"]
[SourceQuality "1"]

1. b3 d5 2. Bb2 Nc6 3. e3 Nf6 4. c4 Bf5 5. cxd5 Nxd5 6. Qf3 Bg6 7. Bc4 Nf6 8. Nc3 Qd6 9. Bb5 0-0-0 10. d4 Nb4 11. Rd1 a6 12. Bc4 Bh5 13. Ne4 Qc6 14. Qh3+ Bg4 15. Qh4 Bxd1 16. Nxf6 exf6 17. Qh3+ Kb8 18. Kxd1 0-1

[Event "Petroupoli ASOP Dias Seniors op"]
[Site "Petroupoli"]
[Date "2013.04.27"]
[Round "5.26"]
[White "Darviris, Dimitrios"]
[Black "Traiforou, Georgia"]
[Result "1-0"]
[WhiteElo "1015"]
[BlackElo "1000"]
[PlyCount "77"]
[EventDate "2013.03.30"]
[EventType "swiss"]
[EventRounds "7"]
[EventCountry "GRE"]
[SourceTitle "EXT 2024"]
[Source "ChessBase"]
[SourceDate "2023.10.10"]
[SourceVersion "1"]
[SourceVersionDate "2023.10.10"]
[SourceQuality "1"]

1. e4 e6 2. d4 d5 3. e5 c5 4. c3 cxd4 5. cxd4 Nc6 6. Nf3 f6 7. Bb5 Qa5+ 8. Nc3 Bb4 9. Bxc6+ bxc6 10. Bd2 Ne7 11. a3 Bxc3 12. Bxc3 Qa6 13. exf6 gxf6 14. Nh4 Rg8 15. Qh5+ Ng6 16. Qxh7 Ne7 17. Bb4 c5 18. Bxc5 Qb7 19. Bxe7 Qxe7 20. Qxg8+ Kd7 21. Ng6 Qd6 22. Qf7+ Kd8 23. Qxf6+ Kc7 24. Rc1+ Kb6 25. Ne5 Ba6 26. Rc6+ Qxc6 27. Nxc6 Kxc6 28. Qxe6+ Kb7 29. Qxd5+ Kb8 30. f4 Bb7 31. Qd6+ Kc8 32. f5 Bxg2 33. Rg1 Bf3 34. f6 Bh5 35. Qd5 Kb8 36. Qxh5 Kb7 37. Qb5+ Kc7 38. Rg7+ Kd6 39. Qd7# 1-0

[Event "Petroupoli ASOP Dias Seniors op"]
[Site "Petroupoli"]
[Date "2013.02.02"]
[Round "3.21"]
[White "Darviris, Dimitrios"]
[Black "Theodosopoulos, Spyros"]
[Result "1-0"]
[WhiteElo "1015"]
[BlackElo "1000"]
[PlyCount "49"]
[EventDate "2013.01.19"]
[EventType "swiss"]
[EventRounds "7"]
[EventCountry "GRE"]
[SourceTitle "EXT 2024"]
[Source "ChessBase"]
[SourceDate "2023.10.10"]
[SourceVersion "1"]
[SourceVersionDate "2023.10.10"]
[SourceQuality "1"]

1. e4 c5 2. Nf3 Nc6 3. d4 cxd4 4. Nxd4 g6 5. Nxc6 bxc6 6. Nc3 Bg7 7. Bg5 f6 8. Be3 Qa5 9. a3 d6 10. b4 Qd8 11. Bc4 f5 12. Bd4 e5 13. Be3 f4 14. Bd2 Nf6 15. 0-0 d5 16. exd5 cxd5 17. Bb3 Bb7 18. Re1 Nh5 19. Ba4+ Kf7 20. Qf3 Rb8 21. Qg4 Bc8 22. Qf3 Bb7 23. Bb3 Nf6 24. Rxe5 Qd6 25. Bxf4 1-0

[Event "Petroupoli ASOP Dias Seniors op"]
[Site "Petroupoli"]
[Date "2013.01.26"]
[Round "2.14"]
[White "Bellos, Vasilios"]
[Black "Darviris, Dimitrios"]
[Result "1-0"]
[WhiteElo "1525"]
[BlackElo "1015"]
[PlyCount "35"]
[EventDate "2013.01.19"]
[EventType "swiss"]
[EventRounds "7"]
[EventCountry "GRE"]
[SourceTitle "EXT 2024"]
[Source "ChessBase"]
[SourceDate "2023.10.10"]
[SourceVersion "1"]
[SourceVersionDate "2023.10.10"]
[SourceQuality "1"]

1. e4 d5 2. exd5 Qxd5 3. Nc3 Qa5 4. Bc4 e5 5. d3 Nf6 6. Bd2 c6 7. Ne4 Qd8 8. Ng5 Be6 9. Bxe6 fxe6 10. Nxe6 Qb6 11. Nxf8 Rxf8 12. Nf3 e4 13. dxe4 Nxe4 14. Qe2 Kd8 15. Qxe4 Re8 16. Bg5+ Kd7 17. Rd1+ Kc7 18. Bf4+ 1-0

[Event "Petroupoli op 10th"]
[Site "Petroupoli"]
[Date "2012.10.10"]
[Round "2"]
[White "Darviris, Dimitrios"]
[Black "Kokkota, Eleni"]
[Result "0-1"]
[WhiteElo "1020"]
[BlackElo "1447"]
[PlyCount "92"]
[EventDate "2012.10.06"]
[EventType "swiss"]
[EventRounds "7"]
[EventCountry "GRE"]
[SourceTitle "EXT 2013"]
[Source "ChessBase"]
[SourceDate "2012.11.22"]
[SourceVersion "1"]
[SourceVersionDate "2012.11.22"]
[SourceQuality "1"]

1. e4 e5 2. Nf3 Nc6 3. Bc4 Bc5 4. c3 Nf6 5. d4 exd4 6. cxd4 Bb4+ 7. Nc3 Nxe4 8. 0-0 Bxc3 9. d5 Bf6 10. Re1 Ne7 11. Rxe4 d6 12. Qe2 0-0 13. Bg5 Bxg5 14. Nxg5 Nf5 15. Nf3 Bd7 16. Bd3 Re8 17. Rxe8+ Qxe8 18. Qxe8+ Rxe8 19. Re1 Rxe1+ 20. Nxe1 Nd4 21. Nf3 Nxf3+ 22. gxf3 Kf8 23. Bxh7 g6 24. h4 Kg7 25. Bxg6 Kxg6 26. Kh2 c6 27. dxc6 bxc6 28. a3 d5 29. f4 d4 30. Kg3 d3 31. Kf3 Bf5 32. Ke3 Kh5 33. Kd2 Kxh4 34. b4 Kg4 35. Ke3 Kh3 36. a4 a6 37. a5 Kg2 38. f3 Kf1 39. Kd2 Kf2 40. Kc3 Ke3 41. Kc4 d2 42. Kc5 d1Q 43. Kxc6 Qd7+ 44. Kb6 Qb5+ 45. Ka7 Bc8 46. f5 Qb7# 0-1

[Event "Petroupoli op 4th"]
[Site "Petroupoli"]
[Date "2012.05.05"]
[Round "3"]
[White "Kontopanagos, Ioannis"]
[Black "Darviris, Dimitrios"]
[Result "1-0"]
[WhiteElo "1010"]
[BlackElo "1000"]
[PlyCount "101"]
[EventDate "2012.04.28"]
[EventType "swiss"]
[EventRounds "7"]
[EventCountry "GRE"]
[SourceTitle "CBM 148 Extra"]
[Source "ChessBase"]
[SourceDate "2012.06.22"]
[SourceVersion "1"]
[SourceVersionDate "2012.06.22"]
[SourceQuality "1"]

1. e4 c5 2. Nf3 d6 3. d4 cxd4 4. Nxd4 Nf6 5. Nc3 g6 6. Bd3 Bg7 7. Be3 0-0 8. Qd2 Nc6 9. Nf3 Ng4 10. Bf4 e5 11. Bg5 f6 12. Bc4+ Kh8 13. Bh4 Bh6 14. Qd3 Qe8 15. h3 Nb4 16. Qe2 Nxf2 17. Qxf2 Qc6 18. Bd3 Nxd3+ 19. cxd3 Qa6 20. d4 exd4 21. Qxd4 Kg8 22. Bxf6 Be6 23. Nd5 Qa5+ 24. b4 Qb5 25. Nc7 Qd7 26. Nxa8 Rxa8 27. Ne5 dxe5 28. Qxd7 Bxd7 29. Bxe5 Re8 30. Bc3 Rxe4+ 31. Kf2 Kf7 32. Rad1 Ke6 33. Rhe1 Bc6 34. Rxe4+ Bxe4 35. Re1 Kd5 36. Rd1+ Kc4 37. Rd4+ Kxc3 38. Rxe4 Kb2 39. Re7 Kxa2 40. Rxb7 a6 41. Rxh7 Bg5 42. Ra7 Kb3 43. Rxa6 Kxb4 44. Rxg6 Be7 45. g4 Bh4+ 46. Kf3 Kc3 47. g5 Kd3 48. Kg4 Bf2 49. h4 Bxh4 50. Kxh4 Ke4 51. Rf6 1-0

[Event "Petroupoli op 4th"]
[Site "Petroupoli"]
[Date "2012.05.02"]
[Round "2"]
[White "Kazalis, Manos"]
[Black "Darviris, Dimitrios"]
[Result "1-0"]
[WhiteElo "1354"]
[BlackElo "1000"]
[PlyCount "39"]
[EventDate "2012.04.28"]
[EventType "swiss"]
[EventRounds "7"]
[EventCountry "GRE"]
[SourceTitle "CBM 148 Extra"]
[Source "ChessBase"]
[SourceDate "2012.06.22"]
[SourceVersion "1"]
[SourceVersionDate "2012.06.22"]
[SourceQuality "1"]

1. f4 d5 2. Nf3 c5 3. e3 Nc6 4. Bb5 Bd7 5. b3 Nf6 6. Bb2 e6 7. 0-0 a6 8. Bxc6 Bxc6 9. d3 Bd6 10. Nbd2 0-0 11. Ne5 Bb5 12. Rf3 Nd7 13. Rg3 Nxe5 14. fxe5 Be7 15. Qg4 g6 16. Rf1 Qa5 17. Qh3 Qxd2 18. Qh6 Rfe8 19. Rh3 Bf8 20. Qxh7# 1-0

[Event "Petroupoli op 3rd"]
[Site "Petroupoli"]
[Date "2012.03.10"]
[Round "1"]
[White "Darviris, Dimitrios"]
[Black "Taylor, Michael1"]
[Result "0-1"]
[WhiteElo "1000"]
[BlackElo "2013"]
[PlyCount "44"]
[EventDate "2012.03.10"]
[EventType "swiss"]
[EventRounds "7"]
[EventCountry "GRE"]
[SourceTitle "CBM 147 Extra"]
[Source "ChessBase"]
[SourceDate "2012.04.24"]
[SourceVersion "1"]
[SourceVersionDate "2012.04.24"]
[SourceQuality "1"]

1. e4 c6 2. d4 d5 3. Nc3 dxe4 4. Nxe4 Nf6 5. Bd3 Qxd4 6. Nxf6+ Qxf6 7. Nf3 Bg4 8. Be2 Nd7 9. Bg5 Qd6 10. Qxd6 exd6 11. 0-0 f6 12. Bf4 Ne5 13. Bxe5 dxe5 14. Rad1 Bc5 15. Rfe1 0-0 16. Bc4+ Kh8 17. Be2 Rad8 18. Rxd8 Rxd8 19. Rd1 Rxd1+ 20. Bxd1 e4 21. h3 Be6 22. Nd2 f5 0-1

[Event "Petroupoli ASOP Dias op 2nd"]
[Site "Petroupoli"]
[Date "2012.02.25"]
[Round "5.1"]
[White "Darviris, Dimitrios"]
[Black "Foutouhos, Dimitrios"]
[Result "1/2-1/2"]
[WhiteElo "1000"]
[BlackElo "1275"]
[PlyCount "58"]
[EventDate "2012.02.11"]
[EventType "swiss"]
[EventRounds "7"]
[EventCountry "GRE"]
[SourceTitle "EXT 2024"]
[Source "ChessBase"]
[SourceDate "2023.10.10"]
[SourceVersion "1"]
[SourceVersionDate "2023.10.10"]
[SourceQuality "1"]

1. e4 d6 2. d4 Nf6 3. Nc3 e5 4. dxe5 dxe5 5. Qxd8+ Kxd8 6. Be3 c6 7. 0-0-0+ Kc7 8. Nf3 Bg4 9. Be2 Nfd7 10. h3 Bh5 11. g4 Bg6 12. Kb1 f6 13. Bc4 Nc5 14. Bxc5 Bxc5 15. Rhf1 h5 16. Rde1 hxg4 17. hxg4 Bb4 18. a3 Bxc3 19. bxc3 Nd7 20. Be6 Nc5 21. Bf5 Bh7 22. Bxh7 Rxh7 23. g5 Rh3 24. Re3 Nxe4 25. Rxe4 Rxf3 26. gxf6 gxf6 27. Re3 Rxe3 28. fxe3 Rf8 29. e4 Kd6 1/2-1/2

[Event "Petroupoli ASOP Dias op 2nd"]
[Site "Petroupoli"]
[Date "2012.02.22"]
[Round "4.1"]
[White "Konstantagkas, Ioannis"]
[Black "Darviris, Dimitrios"]
[Result "1-0"]
[WhiteElo "1005"]
[BlackElo "1000"]
[PlyCount "103"]
[EventDate "2012.02.11"]
[EventType "swiss"]
[EventRounds "7"]
[EventCountry "GRE"]
[SourceTitle "EXT 2024"]
[Source "ChessBase"]
[SourceDate "2023.10.10"]
[SourceVersion "1"]
[SourceVersionDate "2023.10.10"]
[SourceQuality "1"]

1. e4 d5 2. Nc3 d4 3. Nce2 e5 4. Nf3 Nc6 5. c4 Bc5 6. d3 Bg4 7. Nd2 Nf6 8. Nb3 Bb4+ 9. Bd2 Bd6 10. f3 Be6 11. Ng3 b6 12. Qe2 0-0 13. Qf2 Qe7 14. f4 Ng4 15. Qf3 a6 16. f5 Bd7 17. Qxg4 f6 18. Nh5 Rf7 19. Be2 Kf8 20. 0-0 g6 21. Ng3 Rg7 22. Bh6 Ke8 23. Bxg7 Qxg7 24. Nh5 Qh6 25. Ng3 Qe3+ 26. Rf2 Kf7 27. Qh4 Kg7 28. Nf1 Qh6 29. Qxh6+ Kxh6 30. fxg6 Kxg6 31. Nfd2 Be7 32. h3 h6 33. Bg4 Bxg4 34. hxg4 Rg8 35. Kh2 h5 36. gxh5+ Kxh5 37. Rh1 Kg6 38. Rf3 Rh8+ 39. Kg1 Rxh1+ 40. Kxh1 Nb4 41. a3 Nc2 42. Rg3+ Kf7 43. Kh2 a5 44. Kh3 a4 45. Nc1 c6 46. Kg4 b5 47. cxb5 cxb5 48. Rf3 Ne1 49. Rf2 Nc2 50. Nf3 Ne3+ 51. Kg3 Nd1 52. Rd2 1-0

[Event "Petroupoli ASOP Dias op 2nd"]
[Site "Petroupoli"]
[Date "2012.02.15"]
[Round "2.1"]
[White "Darviris, Dimitrios"]
[Black "Chrysogelou, Athanasia Panagiota"]
[Result "0-1"]
[WhiteElo "1000"]
[BlackElo "1299"]
[PlyCount "34"]
[EventDate "2012.02.11"]
[EventType "swiss"]
[EventRounds "7"]
[EventCountry "GRE"]
[SourceTitle "EXT 2024"]
[Source "ChessBase"]
[SourceDate "2023.10.10"]
[SourceVersion "1"]
[SourceVersionDate "2023.10.10"]
[SourceQuality "1"]

1. e4 e5 2. Nf3 Nc6 3. Bc4 Bc5 4. c3 Nf6 5. d4 exd4 6. cxd4 Bb4+ 7. Nc3 Nxe4 8. 0-0 Bxc3 9. d5 Bf6 10. dxc6 bxc6 11. Re1 d5 12. Bd3 Bf5 13. Bf4 0-0 14. Qa4 Nc5 15. Qa5 Nxd3 16. Bxc7 Qd7 17. Re3 Nxb2 0-1

[Event "Petroupoli op"]
[Site "Petroupoli"]
[Date "2012.01.25"]
[Round "4"]
[White "Bellos, Vasilios"]
[Black "Darviris, Dimitrios"]
[Result "1-0"]
[WhiteElo "1499"]
[BlackElo "1000"]
[PlyCount "23"]
[EventDate "2012.01.14"]
[EventType "swiss"]
[EventRounds "7"]
[EventCountry "GRE"]
[SourceTitle "EXT 2013"]
[Source "ChessBase"]
[SourceDate "2012.11.22"]
[SourceVersion "1"]
[SourceVersionDate "2012.11.22"]
[SourceQuality "1"]

1. e4 d5 2. exd5 Nf6 3. d4 Bg4 4. Bb5+ c6 5. dxc6 Bxd1 6. cxb7+ Nbd7 7. Bc6 Rb8 8. Bf4 Qa5+ 9. Nc3 Rd8 10. Kxd1 Qb4 11. Nb5 Qxb2 12. Nc7# 1-0